000 nam a22 a 4500
999 _c82431
_d82431
003 BLK
005 20210513115500.0
008 180408b bul|||||r ||||||| ||bul||
040 _aBLK
041 _aBUL
_cBUL
080 _aБългарска литература
_b821.163.2
_x(081.1)
_z821.163.2(081.1)
080 _aБългарска литература
_b821.163.2
_x-32
_z821.163.2-32
100 1 _aВазов, Иван Минчов
_eпърви автор
_9363396
139 _aВазов, Иван Минчов
_bВ 15
245 1 0 _aСъбрани съчинения
_bВ 20 т.
_cИ. Вазов.
_nТ. 5
_pПовести
257 _aBGR
260 _aСофия
_bБълг. писател
_c1956 -
300 _c21 см
380 _aX
760 1 _aВазов, Иван Минчов
_d1956
_h356 с. : 1 л. портр.
_tТ. 5 Повести
852 _aЦб 3991
_bЦб
856 4 _qpdf
856 4 _qpdf
942 _cKNG
_n0
_s1
944 _aCR
_c19.12.2008
_kМилена_Ачева
944 _aED
_c2021-05-13
_kГГГ
999 _d82431